Most Annoying Quiz - Statistics

General Stats
  • This quiz has been taken 9 times
  • The average score is 5 of 9
Answer Stats
Hint Answer % Correct
the coantary that iz the realy close to the ecuator but isnt equatorial guinea
89%
it is a country that is in europ and is landloked twise liechtenstein
89%
what is the bigest countary to have ever to be in russia kazakhstan
67%
the littlest country in the whole word and not in africa vatican city
67%
now what is the city in the capital city of the brunei bandar seri begawan
56%
a cantry in the middle of africa that starting with c central african republic
44%
what is the city that is capital of the city in seri lunka sri jayawardenepura kotte
33%
what is the contary in africa that is almost big but is second democratic republic of the congo
22%
farest country from the water that is realy in aisa kyrgyzstan
22%
No matching quizzes found
Score Distribution
Percent of People with Each Score
Percentile by Number Answered
Your Score History
You have not taken this quiz